000 00676nam a22001937a 4500
999 _c172118
_d172118
005 20200128113937.0
010 _aUR-10691
020 _c220.00
_a-
035 _aU-9246
037 _bDBAD/PUB
_a-
082 _a844.8
100 _aعصمت چغتا ئ
245 _aعصمت چغتا ئ تا نيثيت کی پہلی آ و ا ز
_cعصمت چغتا ئ
246 _bIsmat Chughtai Taaneesi-Ki Pehli Aawaaz (Urdu)
_aby Ismat Chughtai
260 _aRajisthan
_bRajisthan Urdu Academy
_c2017ء
270 _aJ-15,Jhalana Institutional Area,
_bDelhi Jaipur
_e302004
_k0141-2709771
_l-
300 _a176 ص
_c22 Cm(Hb)
942 _2ddc
_cUR
_h844.8
_mچ غ ت